| 000 | 01653aam a2200313 i 4500 | ||
|---|---|---|---|
| 001 | 768714001 | ||
| 003 | CO-MdFUSB | ||
| 005 | 20210118112755.0 | ||
| 007 | ta | ||
| 008 | 210118t1934 enk |||| |||| 00| 0 eng d | ||
| 020 | _a[No incluye ISBN] | ||
| 040 |
_bspa. _aCO-MdFUSB _cCO-MdFUSB _dCO-MdFUSBC _erda |
||
| 041 | _aeng | ||
| 082 |
_223 _a231.3 _bST923 |
||
| 100 |
_aStrong, Edmund Linwood, _eautor |
||
| 245 | 1 | 4 |
_aThe revelation of the Holy Spirit _c/ Edmund Linwood Strong |
| 264 | 1 |
_aLondon : _bSPCK, _c[1934] |
|
| 264 | 4 | _c© 1934 | |
| 300 |
_a234 páginas _c; 20 cm |
||
| 336 |
_atexto _btxt _2rdacontent |
||
| 337 |
_2rdamedia _asin mediación _bn |
||
| 338 |
_2rdacarrier _avolumen _bnc |
||
| 505 | _aLa doctrina del Espíritu Santo expresada en los credos - La doctrina del Espíritu Santo en la Biblia - La revelación del Espíritu - Los libros apócrifos y otros escritos no canónicos entre el Antiguo y el Nuevo Testamento - La doctrina del Espíritu Santo en el Nuevo Testamento - En los evangelios sinópticos - En Hechos - La enseñanza de San Pablo - La enseñanza de otros escritos neotestamentarios - La enseñanza del cuarto evangelio - El gran discurso - La oración de Cristo - Breve resumen de la doctrina del Espíritu en el Nuevo Testamento - La doctrina de la trinidad - Lo que implica la creencia en el Espíritu Santo - La conexión entre la doctrina del Espíritu Santo y el misticismo - Enseñanza en el Nuevo Testamento que parece contradecir la verdad que Dios es totalmente amor. | ||
| 563 | _aPasta dura | ||
| 650 | 0 |
_950 _aEspíritu Santo |
|
| 942 | _cBK | ||
| 945 | _aJTF-925 | ||
| 999 |
_c45845 _d45845 |
||